Cargando...
Chromosome botany and the origins of cultivated plants /
| Autor Principal: | |
|---|---|
| Formato: | Printed Book |
| Idioma: | English |
| Publicado: |
London :
George Allen & Unwin,
1973.
|
| Edición: | 3rd. ed. |
| LEADER | 00490nam a2200133Ia 4500 | ||
|---|---|---|---|
| 008 | 150624b xxu||||| |||| 00| 0 eng d | ||
| 082 | |a 581.15 | ||
| 100 | |a Darlington, C. D. | ||
| 245 | |a Chromosome botany and the origins of cultivated plants / |c C. D. Darlington | ||
| 250 | |a 3rd. ed. | ||
| 260 | |a London : |b George Allen & Unwin, |c 1973. | ||
| 942 | |c BK | ||
| 999 | |c 8833 |d 8833 | ||
| 952 | |0 1 |1 0 |4 0 |6 581_150000000000000_DAR_C |7 0 |9 8832 |a UL |b UL |c ST1 |d 1998-09-07 |l 0 |o 581.15 DAR/C |p 13888 |r 2012-10-27 |w 2012-10-27 |y BK | ||